Statystyki dla League of Legends - Bilgewater

Kliknij tutaj aby rozwiązać quiz!

Ogólne statystyki

  • Ten quiz został rozwiązany 578 razy
  • Średni wynik to 7 z 9

Statystyki odpowiedzi

Odpowiedź% Poprawnych
Gangplank
92%
Miss Fortune
92%
Pyke
87%
Graves
78%
Twisted Fate
76%
Illaoi
71%
Fizz
67%
Nautilus
55%
Tahm Kench
49%

Rozkład punktacji

Percentyl według liczby udzielonych odpowiedzi

Procent ludzi z każdym wynikiem

Twoja historia wyników

Nie rozwiązałeś tego quizu